000 00546pab a2200193 454500
008 180718b2008 xxu||||| |||| 00| 0 eng d
100 _aRoy, Tirthankar
245 _aState, society and market in the aftermath of natural disasters in colonial India: a preliminary exploration
260 _c2008
300 _ap.261-94.
362 _aApr-Jun
650 _aSocial systems
650 _aState
650 _aDisasters
650 _aNatural disasters
773 _aIndian Economic and Social History Review
908 _aN
909 _a79982
999 _c79982
_d79982